[Event "Benidorm op U2000 18th"]
[Site "Benidorm"]
[Date "2019.12.03"]
[Round "5"]
[White "Bordes Ibanez, Juan Bautista"]
[Black "Gochev, Plamen"]
[Result "0-1"]
[WhiteElo "1961"]
[BlackElo "1887"]
[PlyCount "108"]
[EventDate "2019.11.29"]
[EventType "swiss"]
[EventRounds "10"]
[EventCountry "ESP"]
[SourceTitle "EXT 2022"]
[Source "ChessBase"]
[SourceDate "2021.10.06"]
[SourceVersion "1"]
[SourceVersionDate "2021.10.06"]
[SourceQuality "1"]

1. Nf3 Nf6 2. c4 e6 3. Nc3 d5 4. d4 c6 5. e3 Nbd7 6. Bd3 Be7 7. 0-0 0-0 8. b3 Qa5 9. Bd2 Qd8 10. e4 dxe4 11. Nxe4 Nxe4 12. Bxe4 Nf6 13. Bc2 b6 14. Bc3 c5 15. Qe2 Bb7 16. Rad1 Qc7 17. Rfe1 cxd4 18. Nxd4 Rad8 19. Nf5 exf5 20. Qxe7 Qxe7 21. Rxe7 Rxd1+ 22. Bxd1 Rd8 23. Bf3 Bxf3 24. gxf3 Nd7 25. Bb4 a6 26. a4 a5 27. Bd6 Nf6 28. Bc7 Rd7 29. Rxd7 Nxd7 30. Kf1 f6 31. Ke2 Kf7 32. Kd3 Ke6 33. Kc3 g5 34. b4 h5 35. bxa5 bxa5 36. Bxa5 Ne5 37. Bc7 Nxf3 38. a5 Kd7 39. Bb8 Kc8 40. Bd6 Kd7 41. a6 Kc6 42. c5 f4 43. a7 Kb7 44. Bb8 Ne5 45. Kd4 Nc6+ 46. Ke4 h4 47. f3 Nxb8 48. axb8Q+ Kxb8 49. h3 Kc7 50. Kd3 Kd7 51. Ke4 Kc6 52. Kd4 f5 53. Kc4 g4 54. fxg4 fxg4 0-1

[Event "BUL-chT2"]
[Site "Albena"]
[Date "2011.06.04"]
[Round "4.3"]
[White "Gochev, Plamen"]
[Black "Krastanov, Georgi"]
[Result "1-0"]
[WhiteElo "1995"]
[BlackElo "2131"]
[PlyCount "41"]
[EventDate "2011.06.02"]
[EventType "team-tourn"]
[EventRounds "9"]
[EventCountry "BUL"]
[SourceTitle "CBM 142 Extra"]
[Source "ChessBase"]
[SourceDate "2011.06.27"]
[SourceVersion "1"]
[SourceVersionDate "2011.06.27"]
[SourceQuality "1"]
[WhiteTeam "Dobrich Energiya 21"]
[BlackTeam "Sofia Slavia"]
[WhiteTeamCountry "BUL"]
[BlackTeamCountry "BUL"]

1. c4 Nf6 2. Nc3 c5 3. Nf3 e6 4. e3 b6 5. Be2 Be7 6. 0-0 Bb7 7. d4 cxd4 8. Nxd4 0-0 9. Bf3 Nc6 10. b3 a6 11. Bb2 Qc7 12. Ne4 Ne5 13. Nxf6+ Bxf6 14. Bxb7 Qxb7 15. Qe2 d6 16. Rad1 Be7 17. f4 Nd7 18. Rf3 Qe4 19. Rg3 Nf6 20. Nc2 d5 21. Rd4 1-0

[Event "Albena op"]
[Site "Albena"]
[Date "2010.06.08"]
[Round "6"]
[White "Gochev, Plamen"]
[Black "Mrdja, Milan"]
[Result "0-1"]
[WhiteElo "2040"]
[BlackElo "2376"]
[PlyCount "91"]
[EventDate "2010.06.03"]
[EventType "swiss"]
[EventRounds "9"]
[EventCountry "BUL"]
[SourceTitle "CBM 136 Extra"]
[Source "ChessBase"]
[SourceDate "2010.07.02"]
[SourceVersion "2"]
[SourceVersionDate "2010.07.15"]
[SourceQuality "1"]

1. c4 g6 2. Nc3 Bg7 3. Nf3 Nf6 4. d4 0-0 5. e3 d6 6. Be2 Nbd7 7. 0-0 e5 8. b3 e4 9. Nd2 Re8 10. Qc2 Qe7 11. Ba3 c6 12. b4 h5 13. c5 dxc5 14. bxc5 Nb6 15. Rab1 Nbd5 16. Nc4 Nxc3 17. Qxc3 Nd5 18. Qc2 Qg5 19. Kh1 Bf8 20. Rb3 h4 21. Na5 f5 22. Bc4 f4 23. exf4 Qxf4 24. Bc1 Qf7 25. h3 Bg7 26. f3 e3 27. Bxd5 cxd5 28. Bxe3 b6 29. Nc6 Ba6 30. Rd1 Bc4 31. Ra3 bxc5 32. dxc5 Qf6 33. Nd4 Bf8 34. Bg1 Bxc5 35. Re3 Rxe3 36. Bxe3 Re8 37. Bg1 Bb6 38. Qd2 Kh7 39. a4 Bc7 40. Nb5 Bf4 41. Qd4 Qxd4 42. Nxd4 a6 43. Bf2 g5 44. Rb1 Re7 45. Rb6 Kg8 46. Kg1 0-1

[Event "BUL-chT2"]
[Site "Sunny Beach"]
[Date "2009.06.13"]
[Round "6.6"]
[White "Petrov, Valeri"]
[Black "Gochev, Plamen"]
[Result "1-0"]
[WhiteElo "1993"]
[BlackElo "2074"]
[PlyCount "51"]
[EventDate "2009.06.08"]
[EventType "team-swiss"]
[EventRounds "7"]
[EventCountry "BUL"]
[SourceTitle "CBM 130 Extra"]
[Source "ChessBase"]
[SourceDate "2009.07.02"]
[SourceVersion "2"]
[SourceVersionDate "2009.07.15"]
[SourceQuality "1"]

1. e4 c6 2. Nf3 d5 3. exd5 cxd5 4. d4 Nf6 5. h3 Nc6 6. Nc3 e6 7. Bd3 Qb6 8. 0-0 Bd7 9. Ne2 Nb4 10. Ne5 Ba4 11. Nc3 Bc6 12. Nxc6 Nxd3 13. Qxd3 Qxc6 14. Bg5 Be7 15. f4 g6 16. Rae1 0-0-0 17. Rf3 Rd7 18. Qe2 Qd6 19. Nb5 Qb8 20. f5 Ne4 21. fxe6 fxe6 22. Bf4 Bd6 23. Nxd6+ Rxd6 24. c4 Rf8 25. Be5 Rf5 26. Rf4 1-0

[Event "Plovdiv Tringov Memorial"]
[Site "Plovdiv"]
[Date "2009.02.04"]
[Round "5"]
[White "Gochev, Plamen"]
[Black "Stoinev, Metodi"]
[Result "1/2-1/2"]
[WhiteElo "2094"]
[BlackElo "2324"]
[PlyCount "84"]
[EventDate "2009.02.01"]
[EventType "swiss"]
[EventRounds "9"]
[EventCountry "BUL"]
[SourceTitle "CBM 128 Extra"]
[Source "ChessBase"]
[SourceDate "2009.03.05"]
[SourceVersion "2"]
[SourceVersionDate "2009.03.25"]
[SourceQuality "1"]

1. c4 Nf6 2. Nc3 c6 3. d4 d5 4. e3 g6 5. Nf3 Bg7 6. Bd3 0-0 7. 0-0 Bg4 8. h3 Bxf3 9. Qxf3 dxc4 10. Bxc4 Nbd7 11. Rd1 e5 12. d5 e4 13. Qe2 cxd5 14. Nxd5 Nb6 15. Nxb6 Qxb6 16. b3 Rad8 17. Bb2 Rxd1+ 18. Rxd1 Rd8 19. Rxd8+ Qxd8 20. Qc2 Qe7 21. Bxf6 Bxf6 22. Bd5 b6 23. Qxe4 Qxe4 24. Bxe4 h5 25. Kf1 Kf8 26. Ke2 Ke7 27. Bd5 Bc3 28. f4 a5 29. a4 Bb4 30. Kf3 Bc5 31. e4 f6 32. h4 Bb4 33. g4 hxg4+ 34. Kxg4 Kf8 35. Bc6 Bc3 36. Bb5 Kg7 37. Be8 Bd4 38. h5 gxh5+ 39. Bxh5 Kf8 40. Kf5 Ke7 41. Be2 Bc3 42. Bc4 Bd4 1/2-1/2